| 000 | 01070naa a2200253 c 4500 | ||
|---|---|---|---|
| 001 | 47837 | ||
| 003 | ES-MaCES | ||
| 005 | 20160627095751.0 | ||
| 008 | 160624s2016 sp ||||| t||||||| ||spa d | ||
| 040 |
_aES-MaCES _bspa _cES-MaCES _dES-MaCES |
||
| 100 | 1 |
_910374 _aDarnaculleta i Gardella, Mercè |
|
| 245 | 1 | 0 |
_aEl derecho administrativo global. ¿Un nuevo concepto clave del derecho administrativo? _cM. Mercé Darnaculleta Gardella |
| 500 | _aResumen | ||
| 650 | 4 |
_927214 _aadministración pública |
|
| 650 | 4 |
_927155 _aderecho administrativo |
|
| 650 | 4 |
_927223 _areforma administrativa |
|
| 650 | 4 |
_930591 _aestrategia de gestión |
|
| 650 | 4 |
_930888 _adoctrina jurídica |
|
| 650 | 4 |
_929894 _arégimen jurídico |
|
| 653 | 1 | 0 | _aDerecho administrativo |
| 773 | 0 |
_984742 _dMadrid (Pza. de la Marina Española, 9, 28071) Centro de Estudios Constitucionales 1950- _o087640 _tRevista de administración pública _w(ES-MaCES)25683 _gn. 199 (en.-abr. 2016) {10681 R. 087640} ;p.11-49 |
|
| 902 | _aART Artículo de revista | ||
| 942 |
_2CES _cAR _h6.0.2. |
||
| 999 |
_c47837 _d47837 |
||